Notas sobre Maquiavelo, sobre la política y sobre el Estado moderno (Registro nro. 6968)

Detalles MARC
000 -LEADER
fixed length control field 00877 a2200217 4500
001 - CONTROL NUMBER
control field 60400
005 - DATE AND TIME OF LATEST TRANSACTION
control field 20260407155855.0
008 - FIXED-LENGTH DATA ELEMENTS--GENERAL INFORMATION
fixed length control field 260407a1984 arg spa d
003 - CONTROL NUMBER IDENTIFIER
control field AR-UNSa-BCEJYS
040 ## - CATALOGING SOURCE
Original cataloging agency AR-UNSa-BCEJYS
Language of cataloging spa
Transcribing agency AR-UNSa-BCEJYS
080 ## - UNIVERSAL DECIMAL CLASSIFICATION NUMBER
Universal Decimal Classification number 321.01
Common auxiliary subdivision Teoría general del Estado. Teoría y filosofía del poder. Estado y territorio. Autoridad y oposición. Usurpación (Filosofía política)
020 ## - INTERNATIONAL STANDARD BOOK NUMBER
International Standard Book Number 978-950-602-045-3
041 ## - LANGUAGE CODE
Language code of text/sound track or separate title spa
100 1# - MAIN ENTRY--PERSONAL NAME
Personal name Gramsci, Antonio
245 10 - TITLE STATEMENT
Title Notas sobre Maquiavelo, sobre la política y sobre el Estado moderno
264 #1 - PRODUCTION, PUBLICATION, DISTRIBUTION, MANUFACTURE, AND COPYRIGHT NOTICE
Place of production, publication, distribution, manufacture Buenos Aires :
Name of producer, publisher, distributor, manufacturer Ediciones Nueva Visión
Date of production, publication, distribution, manufacture, or copyright notice 1984
300 ## - PHYSICAL DESCRIPTION
Extent 340 p.
Dimensions 20 cm.
505 ## - FORMATTED CONTENTS NOTE
Formatted contents note 1. El príncipe moderno – 2. Notas bibliográficas – 3. Acción Católica, jesuitas y modernistas – 4. Americanismo y fordismo
590 ## - LOCAL NOTE (RLIN)
Local note niveau_biblio:m niveau_hierar:0
942 ## - ADDED ENTRY ELEMENTS (KOHA)
Koha item type
Existencias
Withdrawn status Lost status Damaged status Not for loan Home library Current library Shelving location Date acquired Total checkouts Full call number Barcode Date last seen Price effective from Koha item type
        Biblioteca Prof. Eusebio Cleto del Rey Biblioteca Prof. Eusebio Cleto del Rey   07/04/2026   321.01 G745 L129155 07/04/2026 07/04/2026 Libro